Biblioteca

La autoridad espiritual (Registro nro. 34107)

Detalles MARC
000 -LÍDER
Campo fijo de descripción fija 01953cam a2200349 i 4500
001 - NÚMERO DE CONTROL
Campo de control 768714001
003 - IDENTIFICADOR DEL NÚMERO DE CONTROL
Campo de control CO-MdFUSB
005 - FECHA Y HORA DE LA ULTIMA TRANSACCIÓN
control field 20230615135232.0
007 - CAMPO FIJO DE DESCRIPCIÓN FIJA--INFORMACIÓN GENERAL
Campo fijo de descripción fija ta
008 - ELEMENTOS DE LONGITUD FIJA -- INFORMACIÓN GENERAL
Campo fijo de descripción fija -- Información general 230615t1978 -us||||| |||| 00| | spa d
020 ## - NÚMERO INTERNACIONAL NORMALIZADO PARA LIBROS
Número Internacional Normalizado del libro 9780829750034
040 ## - FUENTE DE CATALOGACIÓN
Idioma de catalogación spa.
Agencia de catalogación original CO-MdFUSB
Agencia que realiza la transcripción CO-MdFUSB
Agencia que realiza la modificación CO-MdFUSBC
Convenciones de la descripción rda
041 ## - CÓDIGO DE IDIOMA
Código de idioma para texto/pista de sonido o título separado spa
082 04 - NÚMERO DE CLASIFICACIÓN DECIMAL DEWEY
Número de la edición del Dewey 23
Número de clasificación G 248.11
Clave de autor-Numero de item N372b
100 1# - ASIENTO PRINCIPAL--NOMBRE PERSONAL
Nombre personal Nee, Watchman
Término relacionador autor
240 ## - TITULO UNIFORME
Título uniforme <a href=" Spiritual authority"> Spiritual authority</a>
245 10 - TÍTULO
Título del Material La autoridad espiritual
Mención de responsabilidad, etc. / Watchman Nee ; Traducido por José Silva D.
250 ## - MENCIÓN DE EDICIÓN
Mención de edición primera edición
264 #1 - PRODUCCIÓN, PUBLICACIÓN, DISTRIBUCIÓN, MANUFACTURA, Y COPYRIGHT
Lugar de producción, publicación, distribución, manufactura Miami, FL., USA :
Nombre del productor, publicador, distribuidor Vida,
Fecha de producción, publicación, distribución, manufactura, o copyright [1978]
264 #4 - PRODUCCIÓN, PUBLICACIÓN, DISTRIBUCIÓN, MANUFACTURA, Y COPYRIGHT
Fecha de producción, publicación, distribución, manufactura, o copyright © 1978
300 ## - DESCRIPCIÓN FÍSICA
Extensión 201 páginas
Dimensiones ; 20 cm
336 ## - TIPO DE CONTENIDO
Término de tipo de contenido texto
Código de tipo de contenido txt
Fuente rdacontent
337 ## - TIPO DE MEDIO
Fuente rdamedia
Nombre del tipo de medio sin mediación
Código del tipo de medio n
338 ## - TIPO DE SOPORTE
Fuente rdacarrier
Nombre del tipo de soporte volumen
Código Tipo de soporte nc
505 ## - NOTA DE CONTENIDO
Título Primera parte: La autoridad y la sumisión
Nota de contenido con formato preestablecido La importancia de la autoridad -- casos de rebelión en e Antiguo Testamento -- David y su conocimiento de la autoridad -- la obediencia del hijo -- cómo establece Dios su reino -- los hombres deben obedecer a la autoridad delegada -- la autoridad del cuerpo -- las manifestaciones de la rebelión del hombre -- la medida de la obediencia a la autoridad.
505 ## - NOTA DE CONTENIDO
Título Segunda parte: las autoridades delegadas
Nota de contenido con formato preestablecido Los que Dios considera autoridades delegadas -- la principal credencial de las autoridades delegadas: la revelación -- el carácter de las autoridades delegas: benignidad --La base para ser autoridades delegadas -- a resurrección -- el mal uso de la autoridad y la disciplina gubernativa de Dios -- las autoridades delegadas deben estar bajo autoridad -- la vida diaria y la motivación interior de las autoridades delegadas -- las autoridades delegadas deben santificarse a sí misma -- las condiciones para ser autoridades delegadas
563 ## - NOTA DE ENCUADERNACIÓN
Nota de encuadernación Rustico
650 #7 - ASIENTO SECUNDARIO DE MATERIA - TERMINO TEMÁTICO
Término temático o nombre geográfico como elemento de entrada Liderazgo cristiano
Fuente del encabezamiento o término embne
9 (RLIN) 7271
700 ## - ASIENTO SECUNDARIO - NOMBRE PERSONAL
9 (RLIN) 8347
Nombre personal Silva, José
Responsabilidad traductor
942 ## - TIPO DE MATERIAL (KOHA)
Tipo de Item KOHA Libros General
945 ## - INFORMACIÓN LOCAL DEL REGISTRO
Catalogador Mag1104
Existencias
Estado de Material Estado de Perdido Estado de Dañado No para Préstamo Colección Tomo Biblioteca de Origen Biblioteca Permanente Fecha de Adquisición Total de Préstamos Signatura Topográfica Código de Barras Última vez visto Ejemplar/Existencia Fecha de Remplazo Tipo de Material
        Colección General   Biblioteca FUSBC Biblioteca FUSBC 11/02/2005   G 248.11 N372b 2873 12/12/2019 1 26/01/2016 Libros General
        Colección General   Biblioteca FUSBC Biblioteca FUSBC 01/12/2004   G 248.11 N372b 2874 12/12/2019 2 26/01/2016 Libros General

Biblioteca FUSBC | Teléfono: (57+4) 349 88 10 Ext. 141| WhatsApp (+57) 3005338115 
E-mail: biblioteca@unisbc.edu.co | Calle 76 87-14 Robledo Palenque, Medellín, Colombia

Con tecnología Koha